000 00735nam a22002177a 4500
999 _c1816
_d1816
005 20230201114117.0
008 230201b ||||| |||| 00| 0 eng d
020 _a9781907410444
040 _cKH8
082 _aFIC BRA
100 _aBray, Libba
_eauthor
245 _a Before the devil breaks you /
_cLibba Bray
260 _aLondon:
_bAtom,
_c2017.
300 _a552 p. :
_c20 cm.
440 _aThe Diviners;
_n3
520 _aThe Diviners face ghosts that are haunting an asylum and wreaking havoc all over New York City, forgotten ones with dangerous ties to the King of Crows
650 _aParanormal fiction
650 _aYoung adult fiction
650 _aNew York (N.Y.) History 20th century Fiction
942 _2ddc
_cFIC